000 00391 a2200145 4500
001 193207
020 _a
040 _cMagnum
100 _aDaolio, Jocimar
240 1 0 _aA representacao do trabalho do professor de educacao fisica na escola:
_lpor
245 1 0 _aA representacao do trabalho do professor de educacao fisica na escola:
362 0 _a1899
697 _aENSINO
942 _cBK
999 _c193207
_d193207